00719nam a2200229 a 450000100060000000300080000600500170001400800410003103500190007204000230009104100080011408200240012210000320014624500660017826000530024430000310029749000380032850400380036665000240040465000230042885600380045172666BD-RjUL20211209082308.0170522s1968 nyua b 001 0 eng d a(BD-RjUL)72884 aDLCcDLCdDLCbeng aeng00a581.4223bGOP 19681 aGottlieb, Joan Eigerd1935-10aPlants: bAdaptation Through Evolution /cJoan Eiger Gottlieb aNew Delhi :bAffiliated East-west press,cc1968. ax,114 p. :bill. ;c19 cm.0 aSelected topics in modern biology aBibliography: p. 107-108 7 Index. 0aPlantsxAdaptation. 0aPlantsxEvolution. 3Selected topics in modern biology